Countries Without Coverage on Geoguessr - Statistics

General Stats
  • This quiz has been taken 49 times
    15 since last reset
  • The average score is 52 of 87
Answer Stats
Hint Answer % Correct
North America Cuba
83%
Asia North Korea
83%
Africa Niger
75%
South America Paraguay
75%
South America Venezuela
75%
Africa Zambia
75%
Africa Algeria
67%
Africa Angola
67%
Africa Benin
67%
Africa Burkina Faso
67%
Africa Burundi
67%
Africa Central African Republic
67%
Africa Chad
67%
Africa D. R. Congo
67%
Africa Equatorial Guinea
67%
Africa Ethiopia
67%
Africa Guinea
67%
Africa Guinea-Bissau
67%
South America Guyana
67%
North America Haiti
67%
Asia Iran
67%
North America Jamaica
67%
Africa Libya
67%
Africa Mauritania
67%
Oceania Papua New Guinea
67%
Africa Republic of the Congo
67%
Oceania Samoa
67%
Africa Somalia
67%
Africa South Sudan
67%
Africa Sudan
67%
South America Suriname
67%
Asia Syria
67%
Asia Tajikistan
67%
Africa Togo
67%
Oceania Tonga
67%
Oceania Tuvalu
67%
Asia Uzbekistan
67%
Asia Yemen
67%
Africa Zimbabwe
67%
North America Bahamas
58%
Asia Bahrain
58%
Asia Brunei
58%
Africa Cameroon
58%
North America Dominica
58%
Asia East Timor
58%
North America El Salvador
58%
Africa Eritrea
58%
Africa Gabon
58%
Asia Georgia
58%
North America Grenada
58%
North America Honduras
58%
Africa Ivory Coast
58%
Africa Liberia
58%
Africa Malawi
58%
Oceania Marshall Islands
58%
Africa Mauritius
58%
Europe Moldova
58%
Africa Morocco
58%
Asia Myanmar
58%
Oceania Nauru
58%
North America Saint Lucia
58%
North America Saint Vincent
58%
Asia Saudi Arabia
58%
Africa Sierra Leone
58%
Oceania Solomon Islands
58%
Asia Turkmenistan
58%
North America Antigua and Barbuda
50%
Asia Armenia
50%
Asia Azerbaijan
50%
North America Barbados
50%
North America Belize
50%
Africa Djibouti
50%
Oceania Fiji
50%
Oceania F. S. Micronesia
50%
Oceania Kiribati
50%
Asia Maldives
50%
Africa Mozambique
50%
Oceania Palau
50%
North America Saint Kitts and Nevis
50%
Africa Seychelles
50%
North America Trinidad and Tobago
50%
Africa Cape Verde
42%
Africa Comoros
42%
North America Guatemala
42%
Europe Kosovo
42%
Europe Vatican City
42%
Asia Kuwait
33%
No matching quizzes found
Score Distribution
Percent of People with Each Score
Percentile by Number Answered
Your Score History
You have not taken this quiz since the last reset